| 000 | 00802nam a22002177a 4500 | ||
|---|---|---|---|
| 003 | 00 | ||
| 005 | 20221107105139.0 | ||
| 008 | 220202b ||||| |||| 00| 0 eng d | ||
| 020 | _a978-999 19-0-792-5 | ||
| 040 |
_aBUAC _bBUC _cFre |
||
| 041 | _aFre | ||
| 100 | _4Expédit G. Sangnidjo | ||
| 245 |
_aGuide de comptabilité( le secret) _bla comptabilité analytique de gestion , la gestio prévisionnelle, la gestion budgétaire , la comptabilité des sociétés , l'analyse d'exploitation _c/ par Expédit G. Sangnidjo |
||
| 250 | _a2éme Ed. | ||
| 260 |
_aAbomey-Calavi : _bEd. Sache, _c2020. |
||
| 300 |
_a560 p. _bcouv. en coul _c26 cm. |
||
| 630 | _aSCIENCES APPLIQUEES -TECHNIQUES | ||
| 650 | _aCOMPTABILITE | ||
| 651 | _aComptabilité : corriges types des cas et sujets | ||
| 942 |
_2ddc _cLBA |
||
| 999 |
_c62062 _d62062 |
||